Bienvenue au Catalogue en Ligne des Bibliothèques de l'Universite du Burundi

La force motrice (Record no. 53208)

000 -GUIDE
Champ de contrôle de longueur fixe 00830nam a22002657a 4500
003 - IDENTITÉ DU NUMÉRO DE CONTRÔLE
Champ de contrôle BI-BuBU
008 - ÉLÉMENTS DE LONGUEUR FIXE - RENSEIGNEMENTS GÉNÉRAUX
Champ de contrôle de longueur fixe 260109b1982 fr fr|||| 000 0 fre d
020 ## - INTERNATIONAL STANDARD BOOK NUMBER
ISBN 2729600116
037 ## - SOURCE D'ACQUISITION
Numéro d'inventaire 80172
Source d'acquisition et du numéro d'inventaire Fonds S.400
039 ## - NIVEAU DE CONTRÔLE BIBLIOGRAPHIQUE ET HISTORIQUE D'ENCODAGE [OBSOLETE]
Date creation 20260109121727.0
Nom catalographe Constance Niyimpa
040 ## - SOURCE DU CATALOGAGE
Organisme qui a effectué le catalogage original BI-BuBU
Code de la langue utilisée dans le catalogage fre
Organisme qui a effectué la transcription BI-BuBU
041 0# - CODE DE LANGUE
Code de langue du texte/de la piste sonore ou du titre distinct fre
080 ## - INDICE DE LA CLASSIFICATION DÉCIMALE UNIVERSELLE (CDU)
Indice de la Classification décimale universelle 658.01
100 1# - VEDETTE PRINCIPALE - NOM DE PERSONNE
Code de relation aut.
Nom de personne Tregoe, Benjamin
245 13 - MENTION DU TITRE
Titre La force motrice
Reste du titre une nouvelle stratégie pour l'entreprise
Mention de responsabilité, etc. Benjamin Tregoe, John Zimmerman ; trad. de l'américain par Jacques Guiod.
260 ## - PUBLICATION, DIFFUSION, ETC. (ADRESSE BIBLIOGRAPHIQUE)
Lieu de publication, diffusion, etc. Paris
Nom de l'éditeur, diffuseur, etc. InterEditions
Date of publication, distribution, etc 1982
300 ## - DESCRIPTION MATÉRIELLE
Collation 154 p.
Dimensions 22 cm.
440 #0 - MENTION DE COLLECTION / VEDETTE SECONDAIRE DE TITRE
Titre Tendances actuelles
504 ## - NOTE DE BIBLIOGRAPHIE ET INDEX.
Note de bibliographie et index. Bibliogr.
650 #7 - VEDETTE-MATIÈRE - NOM COMMUN
Source du terme BI-BuBU
Vedette de sujet ou vedette comportant un nom géographique Entreprise
Subdivision générale Stratégie
655 ## - TERME D'INDEXATION - GENRE OU FORME
Source du terme BI-BuBU
700 1# - VEDETTE SECONDAIRE - NOM DE PERSONNE
Code de relation aut.
Nom d'auteur Zimmerman, John
700 1# - VEDETTE SECONDAIRE - NOM DE PERSONNE
Code de relation trad.
Nom d'auteur Guiod, Jacques
9 (RLIN) 107492
942 ## - ÉLÉMENTS D'ENTRÉE ADDITIONNELLE (KOHA)
Source de la classification ou du système de rangement
Type d item koha BOOK
Holdings
Statut de retrait Statut de perte Source de la classification ou du système de rangement Statut de déterioration Exclu du prêt Numéro d item Koha Localisation permanente Localisation actuelle Date d'acquisition Source d'acquisition Nombre de prêts Cote Code-barres Date last seen Numéro d'exemplaire Prix en vigueur à partir du Type d item koha Numero d'inventaire
          85058 Bibliothèque de la Faculté des Sciences Économiques et Administratives Bibliothèque de la Faculté des Sciences Économiques et Administratives 09/01/2026 Fonds S.400   658. 01 TRE. 5010000798628 09/01/2026 1 09/01/2026 BOOK 80172
          85355 Bibliothèque de la Faculté des Sciences Économiques et Administratives Bibliothèque de la Faculté des Sciences Économiques et Administratives 09/03/2026 Fonds S.400   658.01 TRE. 5010000799830 09/03/2026 2 09/03/2026 BOOK 175020
          85378 Bibliothèque de la Faculté des Sciences Économiques et Administratives Bibliothèque de la Faculté des Sciences Économiques et Administratives 11/03/2026 Fonds S.400   658.01 TRE. 5010000799977 11/03/2026 3 11/03/2026 BOOK 85709
© 2019-2026 - Bibliothèques de l'Université du Burundi |Tous droits réservés
home | Pour toute information urgente Contactez nous | tel whatsupp: +25779204313